000 00393cam a2200157ua 4500
003 OSt
008 250108b |||||||| |||| 00| 0 eng d
041 _aeng
082 _a621.384
_bSQU/CL
100 _aSquire, E M .
_96860
245 _aClassified radion receivere diagrams /
250 _a2 /
260 _aLondon :
_bSir Isaac Pitman & Sons Ltd ,
_c1948.
300 _a164.
942 _cBK
999 _c7074
_d7074